Report of the Executive Committee 1987-1988 and Report of Proceedings of the General Assembly Canberra, 1988 (Record no. 2086)

MARC details
000 -LEADER
fixed length control field 00368nam a22001097a 4500
008 - FIXED-LENGTH DATA ELEMENTS--GENERAL INFORMATION
fixed length control field 230621b xxu||||| |||| 00| 0 eng d
082 ## - DEWEY DECIMAL CLASSIFICATION NUMBER
Classification number 328.30
Item number CPA
245 ## - TITLE STATEMENT
Title Report of the Executive Committee 1987-1988 and Report of Proceedings of the General Assembly Canberra, 1988
260 ## - PUBLICATION, DISTRIBUTION, ETC. (IMPRINT)
Place of publication, distribution, etc. London
Name of publisher, distributor, etc. Commonwealth Parliamentary Association
300 ## - PHYSICAL DESCRIPTION
Extent 103p
942 ## - ADDED ENTRY ELEMENTS (KOHA)
Source of classification or shelving scheme Dewey Decimal Classification
Koha item type Books
Holdings
Withdrawn status Lost status Source of classification or shelving scheme Damaged status Not for loan Home library Current library Date acquired Total Checkouts Full call number Barcode Date last seen Price effective from Koha item type
    Dewey Decimal Classification     County Hall Archives County Hall Archives 06/21/2023   328.30 CPA 10007982 06/21/2023 06/21/2023 Books
    Dewey Decimal Classification     County Hall Archives County Hall Archives 06/21/2023   328.30 CPA 10003963 06/21/2023 06/21/2023 Books
    Dewey Decimal Classification     County Hall Archives County Hall Archives 06/21/2023   328.30 CPA 10008904 06/21/2023 06/21/2023 Books
LIBRARY OPENING HOURS

When the Parliament is sitting: 8.00a.m - 7.00p.m or until the house adjourns
Mondays and Fridays and when the House is on Recess:  8.00a.m - 5.00p.m
Closed on Weekends and Public Holidays

Online Public Access Catalog (OPAC)
Website: http://www.parliament.go.ke
Bunge Library: https://libraryir.parliament.go.ke
Contact: library@parliament.go.ke | Tel no: (254-2)2221291 or 2848000 Ext 5043